000 00597cam a2200145 4500500
005 20260208002407.0
041 _afre
042 _adc
100 1 0 _aGiafferi-Dombre, Natacha
_eauthor
245 0 0 _aFrank J. Korom, Hosay Trinidad : Muharram Performances in an Indo-Caribbean Diaspora, Philadelphia, University of Pennsylvania Press, 2003, 305 p., bibl., index, gloss., ill., fig.
260 _c2007.
500 _a18
786 0 _nL'Homme | 181 | 1 | 2007-01-01 | p. 213m-274m | 0439-4216
856 4 1 _uhttps://shs.cairn.info/revue-l-homme-2007-1-page-213m?lang=fr&redirect-ssocas=7080
999 _c1646098
_d1646098